000
00257nam a2200109Ia 4500
999
_c
8431
_d
8431
020
_a
978-1285065137
100
_a
Brigham and Houston
245
0
_a
Fundamentals of Financial Management
260
_a
India
_b
McGraw Hill
_c
1998
300
_a
1180
942
_c
BK